Història de la Diputació de Barcelona : 1812 - 2005 / 1812 - 2005 /
ISBN:
9788498031850
Descripción Física:
3 volums (373, 349, 231 pàgines) : il·lustracions ; 25 cm
MARC
| LEADER | 00000nam a2200000Ia 4500 | ||
|---|---|---|---|
| 001 | 19035, 19036, 19037 | ||
| 003 | AGDB | ||
| 005 | 20260324181051.0 | ||
| 008 | 160829s2007 xx 000 0 cat d | ||
| 017 | |a B 3015-2007 | ||
| 017 | |a B 3016-2007 | ||
| 017 | |a B 3017-2007 | ||
| 020 | |a 9788498031850 |c (o.c.) | ||
| 020 | |a 9788498031829 (V. 1) | ||
| 020 | |a 9788498031836 (V. 2) | ||
| 020 | |a 9788498031843 (V. 3) | ||
| 245 | |a Història de la Diputació de Barcelona : |b 1812 - 2005 / |c direcció de l'obra: Borja de Riquer ; documentació gràfica: M. Assumpta Rodon Valls, Jordi Gaitx Moltó, Concepció Romero Porras | ||
| 260 | |a Barcelona : |b Diputació de Barcelona, |c 2007 | ||
| 300 | |a 3 volums (373, 349, 231 pàgines) : |b il·lustracions ; |c 25 cm | ||
| 501 | |a Conté: Volum I: 1812-1898 -- Volum II: 1898-1931 -- Volum III: 1939-2005 | ||
| 590 | |a Algunes il·lustracions procedeixen de l'Arxiu General de la Diputació de Barcelona. | ||
| 590 | |a Hi ha un duplicat de cada volum a la Sala de Lectura. | ||
| 610 | 0 | |a Barcelona (Catalunya : Província). |b Diputació |x Història |9 10583 | |
| 700 | |a Riquer i Permanyer, Borja de, |d 1945- |e director |9 20508 | ||
| 700 | |a Rodon i Valls, Ma Assumpta |9 44867 | ||
| 700 | |a Gaitx Moltó, Jordi |9 44868 | ||
| 700 | |a Romero Porras, Concepció |9 44869 | ||
| 901 | |a Arxiu | ||
| 942 | |n 1 |2 udc |c ARXIU | ||
| 952 | |0 0 |1 0 |4 0 |6 M5413_M5414_M5415_SALA_LECTURA |7 1 |9 52219 |a Arxiu |b Arxiu |d 2016-12-01 |l 0 |o M-5-413, M-5-414, M-5-415, Sala Lectura |p 19035, 19036, 19037 |r 2016-12-01 00:00:00 |w 2016-12-01 |y ARXIU | ||
| 952 | |0 0 |1 0 |4 0 |6 PDL |7 1 |9 63409 |a Arxiu |b Arxiu |d 2022-08-11 |h Volum I |l 0 |o PDL |p 26443 |r 2022-08-11 00:00:00 |w 2022-08-11 |y ARXIU | ||
| 952 | |0 0 |1 0 |4 0 |6 PDL |7 1 |9 63410 |a Arxiu |b Arxiu |d 2022-08-11 |h Volum II |l 0 |o PDL |p 26444 |r 2022-08-11 00:00:00 |w 2022-08-11 |y ARXIU | ||
| 952 | |0 0 |1 0 |4 0 |6 PDL |7 1 |9 63411 |a Arxiu |b Arxiu |d 2022-08-11 |h Volum III |l 0 |o PDL |p 26445 |r 2022-08-11 00:00:00 |w 2022-08-11 |y ARXIU | ||
| 952 | |0 0 |1 0 |2 udc |4 0 |5 2 |6 353_HIS |7 0 |8 BS |9 84503 |a BGR |b BGR |c MUNDET |d 2012-05-31 |o 353 His |p BGR-M95012101 |r 2015-06-29 00:00:00 |w 2015-06-29 |y MON |0 0 |0 2 |0 1 | ||
| 952 | |0 0 |1 0 |2 udc |4 0 |5 2 |6 353_HIS |7 0 |8 BS |9 84504 |a BGR |b BGR |c MUNDET |d 2012-05-31 |o 353 His |p BGR-M95012099 |r 2015-06-29 00:00:00 |w 2015-06-29 |y MON |0 0 |0 2 |0 1 | ||
| 952 | |0 0 |1 0 |2 udc |4 0 |7 0 |9 84505 |a BGR |b BGR |d 2022-10-24 |l 0 |r 2022-10-24 00:00:00 |w 2022-10-24 |y MON |0 1 | ||
| 952 | |0 0 |1 0 |2 udc |4 0 |5 2 |6 353_HIS |7 0 |8 BS |9 84506 |a BGR |b BGR |c MUNDET |d 2012-05-31 |o 353 His |p BGR-M95012100 |r 2015-06-29 00:00:00 |w 2015-06-29 |y MON |0 0 |0 2 |0 1 | ||
| 952 | |0 0 |1 0 |2 udc |4 0 |7 0 |9 84507 |a BGR |b BGR |d 2022-10-24 |l 0 |r 2022-10-24 00:00:00 |w 2022-10-24 |y MON |0 1 | ||
| 999 | |c 56067 |d 56067 | ||